000 00731nam a2200253Ia 4500
003 0100
008 130303s9999 xx 000 0 und d
020 _a185539183X
040 _cARRUPELIB
050 _aLB1060.D79
100 _aDryden, Gordon
245 4 _aThe new learning revolution
245 _bhow Britain can lead the world in learning, education and schooling
260 _aAuckland
260 _bThe Learning Web
260 _C2005
300 _a544p.
300 _b 23 cm
650 _bEducation--Zimbabwe--History--20th century
650 _cBlacks--Education--Zimbabwe--History
650 _dSegragation in education--Zimbabwe--History--20th century
700 _aVos, Jeannette
942 _2lcc
_01
999 _c64511
_d64511